Kinh tế Việt Nam 2005
Spremljeno u:
| Autor kompanije: | |
|---|---|
| Format: | Knjiga |
| Jezik: | Undetermined |
| Izdano: |
Hà Nội
Lý luận chính trị
2006
|
| Teme: | |
| Oznake: |
Dodaj oznaku
Bez oznaka, Budi prvi tko označuje ovaj zapis!
|
| Thư viện lưu trữ: | Trung tâm Học liệu Trường Đại học Cần Thơ |
|---|
| LEADER | 00655nam a2200205Ia 4500 | ||
|---|---|---|---|
| 001 | CTU_103518 | ||
| 008 | 210402s9999 xx 000 0 und d | ||
| 082 | |a 330.9597 | ||
| 082 | |b V305 | ||
| 110 | |a Viện nghiên cứu quản lý kinh tế Trung ương | ||
| 245 | 0 | |a Kinh tế Việt Nam 2005 | |
| 245 | 0 | |c Viện nghiên cứu quản lý kinh tế Trung ương | |
| 260 | |a Hà Nội | ||
| 260 | |b Lý luận chính trị | ||
| 260 | |c 2006 | ||
| 650 | |a Economic geography,Vietnam | ||
| 650 | |x Economic conditions | ||
| 650 | |y 2005 | ||
| 904 | |i Năm | ||
| 980 | |a Trung tâm Học liệu Trường Đại học Cần Thơ | ||